000 00875nas a2200277 4500
001 BR2014001733
003 BR-BrBNA
005 20231205123827.0
007 ta
008 230509b bl.|||p| |||| 00| 00por d
040 _aBR-BrBNA
_bpor
_cBiblioteca Nacional de Agricultura
041 _a(Pt)
072 _aP40; P10; U10
100 1 _aLessa, L.G.F.
100 1 _aZimback, C.R.L.
100 1 _aLima, S.L. de
100 1 _aMachado, R.E.
245 1 _aModelo hidrológico swat na determinação das perdas de solo na bacia hidrográfica do Rio Pardo - Botucatu/SP
650 _aHIDROLOGIA
650 _aMODELO DE SIMULAÇÃO
650 _aMETEOROLOGIA
650 _aSEDIMENTO
773 0 _tEnergia na Agricultura (Brazil)
_xISSN 1808-8759
_g(Jul-Sep 2013), v. 28(3) p. 170-178
_wBR2014001733
909 _a202311
_bLúcia
_c55
_dLúcia Elande
942 _2AGRIS
_n0
_cANA
999 _c235903
_d235903